COLLEZIONISTA (LA) (Record n. 106916)
[ formato base ]
| 000 -LEADER | |
|---|---|
| fixed length control field | 02123agaaa2200337 4500 |
| 001 - CONTROL NUMBER | |
| control field | 1525 |
| 003 - CONTROL NUMBER IDENTIFIER | |
| control field | IT-RoPAU |
| 005 - DATE AND TIME OF LATEST TRANSACTION | |
| control field | 20220918181252.0 |
| 007 - PHYSICAL DESCRIPTION FIXED FIELD--GENERAL INFORMATION | |
| fixed length control field | d cvaizq |
| 008 - FIXED-LENGTH DATA ELEMENTS--GENERAL INFORMATION | |
| fixed length control field | 50131s9999||||xx ||| | || ||und|| |
| 040 ## - CATALOGING SOURCE | |
| Original cataloging agency | IT-RoPAU |
| Transcribing agency | IT-RoPAU |
| 041 ## - LANGUAGE CODE | |
| Language code of text/sound track or separate title | ITALIANO |
| 100 ## - MAIN ENTRY--PERSONAL NAME | |
| Personal name | Rohmer Eric |
| Miscellaneous information | Codice regista SPICS: 1948 |
| 9 (RLIN) | 49418 |
| 130 ## - MAIN ENTRY--UNIFORM TITLE | |
| Uniform title | COLLEZIONISTA (LA) |
| 9 (RLIN) | 49419 |
| 240 ## - UNIFORM TITLE | |
| Uniform title | COLLECTIONNEUSE (LA) |
| Miscellaneous information | T2171 |
| 245 ## - TITLE STATEMENT | |
| Title | COLLEZIONISTA (LA) |
| Statement of responsibility, etc. | Prodotto da: Schroeder Barbet -- Sceneggiatura: Rohmer Eric Bauchau Patrick Politoff Haydee -- Diretto da: Rohmer Eric |
| Name of part/section of a work | RACCONTI MORALI 4 (Rif. Codice opera principale : 29170) |
| 246 ## - VARYING FORM OF TITLE | |
| Title proper/short title | COLLECTIONNEUSE (LA) |
| 250 ## - EDITION STATEMENT | |
| Edition statement | Edizione Standard |
| 260 ## - PUBLICATION, DISTRIBUTION, ETC. (IMPRINT) | |
| Place of publication, distribution, etc. | (FRANCIA) |
| Name of publisher, distributor, etc. | FILMS DU LOSANGE / Distribuzione: RAI |
| Date of manufacture | "1967 (1° ed.: 1985 ; Ed. Lingua Orig.: 1967)" |
| 300 ## - PHYSICAL DESCRIPTION | |
| Extent | VHS |
| Other physical details | sonoro, col. |
| Dimensions | 86 minuti |
| 508 ## - CREATION/PRODUCTION CREDITS NOTE | |
| Creation/production credits note | "Fotografia: Almendros Nestor; Montaggio: Rohmer Eric; Musica: Toes Blossom; Sceneggiatura: Rohmer Eric Bauchau Patrick Politoff Haydee; " |
| 511 ## - PARTICIPANT OR PERFORMER NOTE | |
| Participant or performer note | "Bauchau Patrick; Politoff Haydee; Pommereulle Daniel; Jouffroy Alain; Mijanou" |
| 520 ## - SUMMARY, ETC. | |
| Summary, etc. | ADRIEN GIOVANE PLAYBOY FRANCESE STANCO DEL CONVULSO RITMO DI VITA CONDOTTOIN CITTA' SI RECA PER UN PERIODO DI RIPOSO NELLA VILLA DI UN AMICO SULLA COSTA AZZURRA QUI CONOSCE HAYDEE UNA RAGAZZA CHE PASSA CON ESTREMA DISINVOLTURA DA UN UOMO ALL'ALTRO LA DONNA SI INTERESSA A LUI MA ADRIEN OSTENTA NEI SUOI CONFRONTI UN'ASSOLUTA INDIFFERENZA LA VITA IN COMUNE FA SI' CHE ADRIENDOPO AVER RESPINTO ORGOGLIOSAMENTE HAYDEE FINISCA PER SUBIRNE IL FASCINO ELE DICHIARI IL SUO AMORE STAVOLTA E' PERO' LA RAGAZZA A RESPINGERLO DELUSOADRIEN ABBANDONA LA VILLA PER RITUFFARSI NEL GENERE DI VITA CHE GLI E' PIU' CONGENIALE FILM COMMEDIA A COLORI |
| 538 ## - SYSTEM DETAILS NOTE | |
| System details note | PAL, STEREO |
| 546 ## - LANGUAGE NOTE | |
| Language note | ITALIANO |
| 650 ## - SUBJECT ADDED ENTRY--TOPICAL TERM | |
| Topical term or geographic name as entry element | COMMEDIA |
| Relator term | FILMS [VHS] |
| General subdivision | Codice MATERIA SPICS: 9960 |
| 9 (RLIN) | 49420 |
| 700 ## - ADDED ENTRY--PERSONAL NAME | |
| Personal name | Rohmer Eric |
| Relator term | (regista) |
| Miscellaneous information | Codice regista SPICS: 1948 |
| 9 (RLIN) | 49421 |
| 700 ## - ADDED ENTRY--PERSONAL NAME | |
| Personal name | Rohmer Eric |
| Relator term | (soggetto) |
| Miscellaneous information | Codice Soggetto SPICS: 1948 |
| 9 (RLIN) | 49422 |
| 700 ## - ADDED ENTRY--PERSONAL NAME | |
| Personal name | Toes Blossom |
| Relator term | (musica) |
| Miscellaneous information | Codice Musica SPICS: 26184 |
| 9 (RLIN) | 49423 |
| 942 ## - ADDED ENTRY ELEMENTS (KOHA) | |
| Koha item type | VHS - VIDEO |
| Source of classification or shelving scheme | Dewey Decimal Classification |
| Withdrawn status | Lost status | Damaged status | Not for loan | Home library | Current library | Date acquired | Total Checkouts | Full call number | Date last seen | Price effective from | Koha item type | Public note |
|---|---|---|---|---|---|---|---|---|---|---|---|---|
| Buone Condizioni | Not For Loan | SPICS-MEDIATECA | SPICS-MEDIATECA | 31/01/2015 | 21525 | 31/01/2015 | 31/01/2015 | VHS - VIDEO | Progr. Ins.: 1321 / N.Vol.:0 / Copie: 1 / Pag.: / Copia rara: n.d. / date import: 1.2.2015 / By Epidotti, Trombetti, Vaglietti |